| 000 | 00651nam a2200217Ia 4500 | ||
|---|---|---|---|
| 999 |
_c41057 _d41057 |
||
| 001 | 7706 | ||
| 003 | GE_BSU | ||
| 005 | 20190725170405.0 | ||
| 008 | 181216s2012||||en |||||||||||||| ||eng|| | ||
| 020 | _a9781408237069. | ||
| 041 | _aeng | ||
| 080 | _a811.111-8 + 338.22(075) R-71 | ||
| 100 |
_aRogers, john. _93318 |
||
| 245 |
_aMarket Leader.Busness English : _bPractice File:Elementary / _c john Rogers. |
||
| 250 | _a3 rd Edition. | ||
| 264 |
_aEdinburgh Gate : _bFinancial times, _c2012. |
||
| 300 |
_a95 p .: _c28 cm. |
||
| 653 | _aBusness English:Elementary. | ||
| 653 | _aბიზნეს ინგლისური | ||
| 942 |
_cBK _2udc |
||